000 01000cam a22002775a 4500
001 L153602
008 110809s2010 xxk f 000 0 eng d
020 _a9781408227213
035 _a(Sirsi) u153602
041 _aeng
050 _a346.41043
100 _aSmith, Roger J
245 _aIntroduction to land law
_h[electronic resource]
250 _a2nd ed.
260 _aLondon
_bPearson Education
_c2010
300 _aeBook
520 _aRoger Smith's Introduction to Land Law presents a straightforward account of the law and its effects, giving a clear and accessible explanation of concepts students often find difficult to grasp. It illuminates the interesting and thought-provoking issues stemming from land law.
650 _aLAND LAW
650 _aLAND
650 2 4 _aEBOOK
651 4 _aENGLAND AND WALES
690 _aLAND
856 4 0 _uhttps://www.vlebooks.com/
_zView on VLEbooks. Logins for members only from [email protected]
942 _n0
948 _c05/12/1997
999 _c112602
_d112602